Ben 10 : Liste des aliens de l'Omnitrix - Statistiques

Statistiques générales
  • Ce quiz a été pris 223 fois
  • Le résultat moyen est 24 sur 62
Statistiques - réponses
Hint Réponse % Correct
(Ben 10) Quad
91%
(Ben 10) Incassable
86%
(Ben 10) Inferno
86%
(Ben10) Sauvage
84%
(Ben 10) Le Têtard Gris
81%
(Ben 10) Spectral
76%
(Ben 10) Boulet de Canon
75%
(Ben 10) Biotech
74%
(Ben 10: Alien Force) Alien X
73%
(Ben 10) AXLR
72%
(Ben 10) Le Dard
69%
(Ben 10) Mâchoire
69%
(Ben 10: Alien Force) Écho Écho
68%
(Ben 10) Géant
65%
(Ben 10: Alien Force) Énormosaure
64%
(Ben 10: Alien Force) Glacial
62%
(Ben 10: Alien Force) Régénérator
62%
(Ben 10: Alien Force) Arachno-Singe
56%
(Ben 10) Végétal
54%
(Ben 10) Gobe-Tout
52%
(Ben 10: Alien Force) Super Jet
49%
(Ben 10: Alien Force) Mégachrome
45%
(Ben 10) Duplico / D-Deux
43%
(Ben 10: Ultimate Alien) Le Tatou
41%
(Ben 10: Alien Force) Méga-Méninges
40%
(Ben 10: Alien Force) Transformo
38%
(Ben 10: Ultimate Alien) Amphibien
35%
(Ben 10: Alien Force) Bingalosaure
35%
(Ben 10: Ultimate Alien) Energy
35%
(Ben 10: Alien Force) Aimantosaure
33%
(Ben 10: Ultimate Alien) Hydro-Jet
33%
(Ben 10) Ben Loup Garou / Loup-Garousaure
31%
(Ben 10) Ben Momie / Papyrus
31%
(Ben 10: Course contre la Montre) Ben Eon
30%
(Ben 10: Ultimate Alien) Tornade
29%
(Ben 10: Alien Force) Nanomech
28%
(Ben 10) Visio
28%
(Ben 10: Omniverse) Gravattack
26%
(Ben 10: Ultimate Alien) Temposaure
26%
(Ben 10) Ben Viktor / Frankenstrike
25%
(Ben 10: Omniverse) Bloxx
25%
(Ben 10: Ultimate Alien) Diabolosaure
23%
(Ben 10: Omniverse) Atomix
22%
(Ben 10: Ultimate Alien) Accelerator
21%
(Ben 10: Ultimate Alien) Caméléon
21%
(Ben 10: Omniverse) Articguana
19%
(Ben 10: Ultimate Alien) Shocksquatch
18%
(Ben 10: Omniverse) Astrodactyl
17%
(Ben 10: Omniverse) Cigalocrash
17%
(Ben 10: Omniverse) Le Pire
16%
(Ben 10: Ultimate Alien) Squalosaure
14%
(Ben 10: Omniverse) Rétroactor
13%
(Ben 10: Omniverse) Faukonnosaur
11%
(Ben 10: Omniverse) Molestache
11%
(Ben 10: Omniverse) Onde de Choc
11%
(Ben 10: Omniverse) Vlampire
11%
(Ben 10: Omniverse) Truite Azur
10%
(Ben 10: Omniverse) Crapoteur
9%
(Ben 10: Omniverse) Pince-Orteil
9%
(Ben 10: Omniverse) Coléoptosaure
6%
(Ben 10: Omniverse) Féérique
6%
(Ben 10: Omniverse) Gutrot
6%
Aucun quiz correspondant
Distribution des résultats
% des personnes avec chaque résultat
Percentile par nombre de réponses
Votre historique - résultats
Vous n’avez pas pris ce quiz